000 01105nam a22001937a 4500
008 120716t xxu||||| |||| 00| 0 eng d
020 _a0153536004
050 _aQA40.5.G31
100 _aGerardi, William J.
245 _aGeneral mathematics: skills, problem solving applications. /
_cWilliam J. Gerardi
260 _aNew York:
_bHarcourt Brace Jovanovich Publishers,
_c1982.
300 _aviii, 472 p.:
_bill.;
_c20cm.
500 _aIncludes index.
505 _aContents: Whole numbers: addition/subtraction -- Whole numbers : multiplication -- Whole numbers: Division -- Graphs and applications -- Decimals: Division -- Applying metric measures I -- Applying metric measures II -- Fractions: Addition/subtraction -- Fraction: Multiplication / Division -- Circles and applications -- Equations/ratio and proportion -- More on percent -- Statistics -- Probability -- Squares and square roots -- Integers: Addition/ subtraction -- Integers: Multiplication/ division -- Graphing and equations.
650 _aMathematics.
700 _aJones, Wimer L.
700 _aFoster, Thomas R.
942 _2lcc
_cBK
999 _c1686
_d9186